000 00676nam a2200193Ia 4500
003 LDD
008 190117s9999 xx 000 0 und d
020 _a8171380158
_c₹600
040 _cLDD
041 _ahi
082 _a320.954 मा4404स
100 _aमाथुर, राजेन्द्र
245 0 _aसपनों में बनता देश- एक
_cराजेन्द्र माथुर
260 _aनई दिल्ली
_bसामायिक प्रकाशन
_c2003
300 _a320पृ.
901 _aVANI
904 _aReqst by : J.M. Parekh
942 _2ddc
_cH
999 _c166127
_d166127